|
|
|
|
| LEADER |
03335nam a22004698i 4500 |
| 001 |
45360 |
| 003 |
BD-DhAAL |
| 005 |
20260223130315.0 |
| 008 |
260223t2023 nyu b 001 0 eng |
| 010 |
|
|
|a 2022002907
|
| 020 |
|
|
|a 9781032163239 (hbk)
|
| 020 |
|
|
|a 9781032163215 (pbk)
|
| 020 |
|
|
|a 9781003248064 (ebk)
|
| 035 |
|
|
|a 22446636
|
| 040 |
|
|
|a DLC
|b eng
|e rda
|c DLC
|d BD-DhAAL
|
| 042 |
|
|
|a pcc
|
| 050 |
0 |
0 |
|a PK5410.W65
|b M87 2022
|
| 082 |
0 |
0 |
|a 809.89287
|2 23
|
| 245 |
0 |
0 |
|a Muslim women's writing from across South and Southeast Asia /
|c edited by Feroza Jussawalla and Doaa Omran.
|
| 260 |
|
|
|a New York, NY :
|b Routledge,
|c 2023.
|
| 300 |
|
|
|a xix, 311pages ;
|c 23 cm
|
| 504 |
|
|
|a Includes bibliographical references and index.
|
| 520 |
|
|
|a "This essential collection examines South and Southeastern Asian Muslim women's writing and the ways they navigate cultural, political, and controversial boundaries. Providing a global, contemporary collection of essays, this volume uses varied methods of analysis and methodology, including: Contemporary forms of expression, such as memoir, oral accounts, romance novels, poetry, and social media, inclusion of both recognized and lesser-known Muslim authors, division by theme to shed light on geographical and transnational concerns, regional focus on Afghanistan, Pakistan, India, Bangladesh, Sri Lanka, Malaysia, and Indonesia"--
|
| 526 |
|
|
|a ENH
|x Sabiha Huq, PhD
Professor
Department of English and Humanities
BRAC University
Course Name and No. : Thesis (ENG 698), Dissertations (ENG 466)
|
| 541 |
|
|
|a Hye Trade International
|e 45360, 45361
|
| 650 |
|
0 |
|a South Asian literature
|x Women authors
|x History and criticism.
|9 60278
|
| 650 |
|
0 |
|a South Asian literature
|x Muslim authors
|x History and criticism.
|9 60279
|
| 650 |
|
0 |
|a South Asian literature
|y 20th century
|x History and criticism.
|9 60280
|
| 650 |
|
0 |
|a South Asian literature
|y 21st century
|x History and criticism.
|9 60281
|
| 650 |
|
0 |
|a Southeast Asian literature
|x Women authors
|x History and criticism.
|9 60282
|
| 650 |
|
0 |
|a Southeast Asian literature
|x Muslim authors
|x History and criticism.
|9 60283
|
| 650 |
|
0 |
|a Southeast Asian literature
|y 20th century
|x History and criticism.
|9 60284
|
| 650 |
|
0 |
|a Southeast Asian literature
|y 21st century
|x History and criticism.
|9 60285
|
| 650 |
|
0 |
|a Muslim women in literature.
|9 60275
|
| 655 |
|
7 |
|a Literary criticism.
|9 60238
|
| 655 |
|
7 |
|a Essays.
|9 59183
|
| 700 |
1 |
|
|a Jussawalla, Feroza F.,
|d 1953-
|e editor.
|9 60276
|
| 700 |
1 |
|
|a Omran, Doaa,
|e editor.
|9 60277
|
| 942 |
|
|
|2 ddc
|c BK
|
| 999 |
|
|
|c 47724
|d 47724
|
| 952 |
|
|
|0 0
|1 0
|2 ddc
|4 0
|6 809_892870000000000_MUS
|7 0
|9 78783
|a BRACUL
|b BRACUL
|c GEN
|d 2026-01-29
|e Hye Trade International
|g 3668.00
|l 0
|o 809.89287 MUS
|p 3010045361
|r 2026-01-29
|t 2
|v 7336.00
|w 2026-01-29
|y BK
|x Requisitioned by Sabiha Huq (Professor, Department of English and Humanities, BRAC University) for the course named- Thesis ‘’(ENG 698)’’, Dissertations ‘’(ENG 466)’’
|
| 952 |
|
|
|0 0
|1 0
|2 ddc
|4 0
|6 809_892870000000000_MUS
|7 0
|9 78784
|a BRACUL
|b BRACUL
|c NEW
|d 2026-01-29
|e Hye Trade International
|g 3668.00
|l 0
|o 809.89287 MUS
|p 3010045360
|r 2026-01-29
|t 1
|v 7336.00
|w 2026-01-29
|y BK
|x Requisitioned by Sabiha Huq (Professor, Department of English and Humanities, BRAC University) for the course named- Thesis ‘’(ENG 698)’’, Dissertations ‘’(ENG 466)’’
|